Ben 10 Trivia Quiz Stats

 Plays Quiz not verified by Sporcle

Challenge
Share
Tweet
Embed
Score 0/20 Timer 07:00
0 Plays Today
Question Answer % Correct
Which alien is from the planet Galvan Prime?Grey Matter
88.8%
Who created the Omnitrix?Azmuth
80.6%
Can Heatblast fly?Yes
65.6%
Who is the only alien with wings?Stinkfly
63.8%
What alien is evil and got stuck in the Omnitrix?Ghostfreak
63%
Who does Ben first transform into?Heatblast
62.6%
What is Ben's secret fear?Clowns
62.4%
Who is Ben's strongest alien form?Fourarms
60.1%
Which alien does Gwen commonly refer to as 'dog breath'Wildmutt
60.1%
Which alien is most plant-like?Wildvine
59.1%
Question Answer % Correct
Which of Ben's aliens is the tallest (appears infrequently)Way Big
57.9%
Who is the only alien who doesn't speak English?Wildmutt
56.9%
What video game is Ben obsessed with?Sumo Slammers
52.8%
Which alien is a Tetramand?Fourarms
52.1%
From whom does Gwen get a spell book from?Charm caster
51.7%
What is Ben's middle name?Kirby
44.4%
Which villain conducts experiments on animals and mutates them into hideous monsters?Doctor Animo
40.7%
What is the name of Grandpa Max's former partner who later betrayed them?Phil
37.6%
What are the names of the two bullies at Ben's school?Cash and JT
28.2%
What is the name of the group composed of Ben's enemies and led by the Forever King?The Negative Ten
27%

You're not logged in!

Compare scores with friends on all Sporcle quizzes.
OR
Log In

You Might Also Like...

Show Comments

Extras

Created Feb 13, 2014ReportNominate
Tags:ben, Ben 10

Top Quizzes Today


Score Distribution

Your Account Isn't Verified!

In order to create a playlist on Sporcle, you need to verify the email address you used during registration. Go to your Sporcle Settings to finish the process.

Report this User

Report this user for behavior that violates our Community Guidelines.

Details: